000 00703nab a2200217 uc4500
001 600539
005 20240724090037.0
008 000612e20000301 spa
035 _a600539
035 _a(OCoLC)819834956
040 _ccomduadb
041 _aspa
100 1 0 _aLopez Abelleira, E.
_4aut
_eaut
_9308801
245 1 0 _aDiseno, fabricacion y montaje de gasoductos : (I) diseno y seleccion de materiales
650 _aGasoductos
_915454
650 7 _aDiseño de máquinas
_2lemb
_928207
650 7 _aGas natural
_2embne
_942010
650 _aEspaña
_928211
773 0 _tIngeniería Química (Madrid)
_gVol. 32, No. 366, Mar. 2000, p. 95-103
_w102048
_x0210-2064
_089813
942 _cARIMP
999 _c156952
_d156952